000 00327nam a2200133Ia 4500
008 240624s9999 xx 000 0 und d
041 _aeng
082 _a332.4 CAS
100 _aCASTAGNA ANTONIO
245 _aFX OPTIONS AND SMILE RISK
260 _c2010
_aChichester
_bJohn Wiley & Sons
300 _a304 : p.
365 _c
_b27
999 _c15429
_d15429